• 首页
  • 本馆介绍
  • 公告通知
  • 最新文献
  • 馆藏检索
  • 电子资源
  • 读者导购
  • 参考咨询
  • 我的图书馆
  • 登录
  • 详细信息显示
  • 放入我的书架
  • 预约/预借图书
  • 作者相关作品
  • 分类相关作品
  • 丛书相关作品
  • 出版社相关作品

书目信息

  • 表格格式
  • 工作单格式
  • 卡片格式
题名:
电脑组装与维护新编教程
    
 
作者: 王诚君 , 王诚君 编著
分册:  
出版信息: 北京   清华大学出版社  2003.11
页数: 393页
开本: 26cm
丛书名:
单 册:
中图分类: TP30
科图分类:
主题词: 微型计算机--组装--教材 , 微型计算机--维修--教材 , 计算技术 , 电子计算机
电子资源:
ISBN: 7-302-07487-9
000 01116nam0 2200325 45
001 012003909645
005 20040331092609.0
009 012003909645
010    @a7-302-07487-9@dCNY29.80
035    @a(110017)062002005125
100    @a20040922d2003 em y0chiy0110 ea
101 0  @achi
102    @aCN@b110000
105    @ay z 000yy
200 1  @a电脑组装与维护新编教程@Adian nao zu zhuang yu wei hu xin bian jiao cheng@f王诚君编著@Fwang cheng jun bian zhu
210    @a北京@c清华大学出版社@d2003.11
215    @a393页@d26cm
300    @a“e学无忧”电脑应用系列教材
330    @a本书内容主要包括:计算机基础知识,CUP、主板、内存、外部存储设备、显示器等设备的选购以及组装计算机,BIOS设置基础,硬盘的使用与维修等。
606 0  @a微型计算机@x组装@j教材
606 0  @a微型计算机@x维修@j教材
606 0  @a计算技术
606 0  @a电子计算机
690    @aTP30@v4
701  0 @a王诚君@9wang cheng jun@4编著
701  0 @a王诚君@Awang cheng jun@4编著
801  0 @aCN@b021001@c20040922
905    @aBZT@dTP30@e2@f6
906    @dCNY29.80@n0@r1
999    @tA@Aqcr@a20040331 09:26:08@Gqcr@g20040331 09:26:15
    
    电脑组装与维护新编教程/王诚君编著.-北京:清华大学出版社,2003.11
    393页;26cm
    “e学无忧”电脑应用系列教材
    
    ISBN 7-302-07487-9:CNY29.80
    本书内容主要包括:计算机基础知识,CUP、主板、内存、外部存储设备、显示器等设备的选购以及组装计算机,BIOS设置基础,硬盘的使用与维修等。
●
相关链接 在五车中查询图书 在当当中查询图书 在豆瓣中查询图书


正题名:电脑组装与维护新编教程     索取号:TP30/2         预约/预借

序号 登录号 条形码 馆藏地/架位号 状态 备注
1 0367952   230085223   中心书库中库/ 中库028架B面7列3层33/ [索取号:TP30/2] 在馆    
2 0367953   201299175   中心书库中库/ 中库028架B面7列3层32/ [索取号:TP30/2] 在馆    
3 0367954   201299228   中心书库中库/ 中库028架B面7列3层34/ [索取号:TP30/2] 在馆    
4 0367955   201299200   中心书库中库/ 中库028架B面7列3层35/ [索取号:TP30/2] 在馆    
山东省滨州职业学院图书馆 欢迎您!
大连网信软件有限公司© 版权所有